Normal view
MARC view
- Raja Muhammad Asif Khan
Entry Personal Name
001 - CONTROL NUMBER
- control field: 127538
003 - CONTROL NUMBER IDENTIFIER
- control field: NUST
005 - DATE AND TIME OF LATEST TRANSACTION
- control field: 20250114102708.0
008 - FIXED-LENGTH DATA ELEMENTS
- fixed length control field: 250114|| aca||aabn | a|a d
040 ## - CATALOGING SOURCE
- Original cataloging agency: NUST
- Transcribing agency: NUST
100 ## - HEADING--PERSONAL NAME
- Personal name: Raja Muhammad Asif Khan
670 ## - SOURCE DATA FOUND
- Source citation: Work cat.: (NUST): Raja Muhammad Asif Khan, Ultrafiltration Polyethersulfone Membranes Fabrication Through Incorporating Cationic and Anionic Functional Polymers with Enhanced Antifouling and Water Flux
